000 00470cam a22001934a 4500
005 20250605164325.0
008 250528s ||||||||||||||||||||||||d
035 _a22998
020 _a9780201517972
040 _aGR-AtMCL
_bgre
_dGR-AtMCL
_eAACR2
245 1 _aTHE ART OF HUMAN-COMPUTER INTERFACE DESIGN
250 _a1
260 _bAddison-Wesley,
_c1990
300 _a523
700 1 _aLaurel Brenda
_98587
942 _cBK
999 _c8039
_d8039